Дээвэр дээр суудаг Корлсон жаалхүү хоёр (Бичлэгийн дугаар. 1103303)
[ энгийн харах ]
| 000 -Удирдлага | |
|---|---|
| Ном зүйн бүртгэл тоо буюу кодлох утгыг агуулсан | 00679nam a22002177a 4500 |
| 008 - ЕРӨНХИЙ МЭДЭЭЛЭЛ-ЭЛЕМЕНТҮҮДИЙН ӨГӨГДЛИЙН УРТ | |
| fixed length control field | 240706b mp ||||| |||| 00| 0 mon d |
| 035 ## - СИСТЕМИЙН ХЯНАЛТЫН ДУГААР | |
| Системийн хяналтын дугаар | 3909 |
| 040 ## - ЭХ СУРВАЛЖИЙГ ТОДОРХОЙЛОН БИЧИХ | |
| Анхны каталогийн байгууллага | BH0164090 |
| Каталогийн хэл | Монгол |
| Бичлэг хийж нэвтрүүлэх байгууллага | MN-UlNLM |
| Өөрчлүүлэх байгууллага | MN-UlNLM |
| Бичиглэлийн тодорхойлолт | rda |
| 041 ## - ХЭЛНИЙ КОД | |
| Текстийн хэлний код/фонограм буюу салангид гарчиг | Монгол |
| 042 ## - AUTHENTICATION CODE | |
| Authentication code | 55419 |
| 084 ## - БУСАД АНГИЛЛЫН ДУГААР | |
| Ангиллын нэр | Номын сан номзүйн ангилал |
| Анги | 84/2орос/ |
| Зохиогчийн 3-н тэмдэгт | Л-580 |
| 100 ## - ЗОХИОГЧИЙН ХЭСЭГ | |
| Зохиогчийн нэр | Линдгрен А. |
| 245 #0 - ҮНДСЭН ГАРЧИГ | |
| Гарчиг | Дээвэр дээр суудаг Корлсон жаалхүү хоёр |
| 264 ## - ГАРАЛТЫН МЭДЭЭ | |
| Хэвлэгдсэн газар | Улаанбаатар |
| Бүтээгч, хэвлэгч, түгээгч, үйлдвэрлэгчийн нэр | Улсын хэвлэлийн газар |
| Хэвлэгдсэн он | 1959 |
| 300 ## - ТООНЫ МЭДЭЭ | |
| Хуудасны тоо | 137х. |
| 336 ## - АГУУЛГЫН ТӨРӨЛ | |
| Нөөц | rdacontent |
| Агуулгын төрлийн нөхцөл | text |
| Агуулгын төрлийн код | txt |
| 337 ## - MEDIA TYPE | |
| Эх сурвалж | rdamedia |
| Файлын төрөл | unmediated |
| Файлын код | n |
| 338 ## - CARRIER TYPE | |
| Source | rdacarrier |
| Carrier type term | volume |
| Carrier type code | nc |
| 650 ## - Сэдэв | |
| Сэдэв | Тууж |
| 942 ## - ЭЛЕМЕНТИЙН ТӨРӨЛ | |
| Анги | Номын сан номзүйн ангилал |
| Төрөл | Ном |
| Буцаан татагдсан төлөв | Хасагдсан шалтгаан | Гэмтсэн төлөв | Данс заагч | Захиалах боломжгүй | Үндсэн номын сан | Одоогийн байршил | Салбар танхим | Салбар танхим | Бүртгэсэн огноо | Тавиурын заалт | Баркод | Үнэ | Хамгийн сүүлд байсан огноо | Нийт уншлаганд гарсан тоо | Дансны дугаар | Төрөл |
|---|---|---|---|---|---|---|---|---|---|---|---|---|---|---|---|---|
| Баянхонгор | Баянхонгор | Баянхонгор | Монгол фонд | Баянхонгор | Монгол фонд | 2024-07-07 | 84/2орос/ Л-580 | BH0163909-6-1 | 378.00 | 2024-07-07 | 21367 | Ном | ||||||
| Баянхонгор | Баянхонгор | Баянхонгор | Монгол фонд | Баянхонгор | Монгол фонд | 2024-07-07 | 84/2орос/ Л-580 | BH0163909-6-2 | 378.00 | 2024-07-07 | 21368 | Ном |